Statistics for UN Member States in Russian

Click here to take the quiz!

General Stats

  • This quiz has been taken 25 times
  • The average score is 15 of 20

Answer Stats

RussianEnglish% Correct
АфганистанAfghanistan
100%
АлбанияAlbania
100%
АлжирAlgeria
100%
Антигуа и БарбудаAntigua and Barbuda
100%
АвстралияAustralia
100%
АвстрияAustria
100%
АзербайджанAzerbaijan
100%
БангладешBangladesh
100%
БеларусьBelarus
100%
БельгияBelgium
100%
БутанBhutan
100%
Буркина-ФасоBurkina Faso
100%
БурундиBurundi
100%
КамбоджаCambodia
100%
КанадаCanada
100%
Центрально-Африканская РеспубликаCentral African Republic
100%
ЧадChad
100%
КитайChina
100%
Коморские островаComoros
100%
Коста-РикаCosta Rica
100%
ХорватияCroatia
100%
КубаCuba
100%
КипрCyprus
100%
Чешская РеспубликаCzech Republic
100%
ДанияDenmark
100%
ДжибутиDjibouti
100%
Доминиканская РеспубликаDominican Republic
100%
Восточный ТиморEast Timor
100%
Экваториальная ГвинеяEquatorial Guinea
100%
ЭритреяEritrea
100%
ЭстонияEstonia
100%
ЭфиопияEthiopia
100%
ФинляндияFinland
100%
ГабонGabon
100%
ГамбияGambia
100%
ГерманияGermany
100%
ГанаGhana
100%
ГайанаGuyana
100%
ИсландияIceland
100%
ИндияIndia
100%
ИндонезияIndonesia
100%
ИрландияIreland
100%
Кот-д'ИвуарIvory Coast
100%
ЯпонияJapan
100%
КенияKenya
100%
КирибатиKiribati
100%
КыргызстанKyrgyzstan
100%
ЛиберияLiberia
100%
ЛихтенштейнLiechtenstein
100%
МадагаскарMadagascar
100%
МалавиMalawi
100%
МальдивыMaldives
100%
МальтаMalta
100%
МавританияMauritania
100%
ЧерногорияMontenegro
100%
НауруNauru
100%
НикарагуаNicaragua
100%
НорвегияNorway
100%
ОманOman
100%
ПакистанPakistan
100%
ПалауPalau
100%
Папуа - Новая ГвинеяPapua New Guinea
100%
ПеруPeru
100%
ФилиппиныPhilippines
100%
ПольшаPoland
100%
РумынияRomania
100%
Сан-Томе и ПринсипиSão Tomé and Príncipe
100%
СенегалSenegal
100%
СербияSerbia
100%
СингапурSingapore
100%
СловакияSlovakia
100%
СловенияSlovenia
100%
Южная КореяSouth Korea
100%
ИспанияSpain
100%
ШвецияSweden
100%
ТаджикистанTajikistan
100%
Тринидад и ТобагоTrinidad and Tobago
100%
ТуркменистанTurkmenistan
100%
УкраинаUkraine
100%
Объединенные Арабские ЭмиратыUnited Arab Emirates
100%
УругвайUruguay
100%
БахрейнBahrain
50%
Соединенные ШтатыUnited States
50%
АндорраAndorra
0%
АнголаAngola
0%
АргентинаArgentina
0%
АрменияArmenia
0%
БагамыBahamas
0%
БарбадосBarbados
0%
БелизBelize
0%
БенинBenin
0%
БоливияBolivia
0%
Босния и ГерцеговинаBosnia and Herzegovina
0%
БотсванаBotswana
0%
БразилияBrazil
0%
БрунейBrunei
0%
БолгарияBulgaria
0%
КамерунCameroon
0%
Кабо-ВердеCape Verde
0%
ЧилиChile
0%
КолумбияColombia
0%
Демократическая Республика КонгоDemocratic Republic of the Congo
0%
ДоминикаDominica
0%
ЭквадорEcuador
0%
ЕгипетEgypt
0%
СальвадорEl Salvador
0%
ЭсватиниEswatini
0%
Федеративные Штаты МикронезииFederated States of Micronesia
0%
ФиджиFiji
0%
ФранцияFrance
0%
ГрузияGeorgia
0%
ГрецияGreece
0%
ГренадаGrenada
0%
ГватемалаGuatemala
0%
ГвинеяGuinea
0%
Гвинея-БисауGuinea-Bissau
0%
ГаитиHaiti
0%
ГондурасHonduras
0%
ВенгрияHungary
0%
ИранIran
0%
ИракIraq
0%
ИзраильIsrael
0%
ИталияItaly
0%
ЯмайкаJamaica
0%
ИорданияJordan
0%
КазахстанKazakhstan
0%
КувейтKuwait
0%
ЛаосLaos
0%
ЛатвияLatvia
0%
ЛиванLebanon
0%
ЛесотоLesotho
0%
ЛивияLibya
0%
ЛитваLithuania
0%
ЛюксембургLuxembourg
0%
МалайзияMalaysia
0%
МалиMali
0%
Маршалловы островаMarshall Islands
0%
МаврикийMauritius
0%
МексикаMexico
0%
МолдоваMoldova
0%
МонакоMonaco
0%
МонголияMongolia
0%
МароккоMorocco
0%
МозамбикMozambique
0%
МьянмаMyanmar
0%
НамибияNamibia
0%
НепалNepal
0%
НидерландыNetherlands
0%
Новая ЗеландияNew Zealand
0%
НигерNiger
0%
НигерияNigeria
0%
Северная КореяNorth Korea
0%
Северная МакедонияNorth Macedonia
0%
ПанамаPanama
0%
ПарагвайParaguay
0%
ПортугалияPortugal
0%
КатарQatar
0%
Республика КонгоRepublic of the Congo
0%
РоссияRussia
0%
РуандаRwanda
0%
Сент-Китс и НевисSaint Kitts and Nevis
0%
Санкт-ЛюсияSaint Lucia
0%
Святой Винсент и ГренадиныSaint Vincent and the Grenadines
0%
СамоаSamoa
0%
Сан-МариноSan Marino
0%
Саудовская АравияSaudi Arabia
0%
Сейшельские островаSeychelles
0%
Сьерра-ЛеонеSierra Leone
0%
Соломоновы островаSolomon Islands
0%
СомалиSomalia
0%
Южная АфрикаSouth Africa
0%
южный СуданSouth Sudan
0%
Шри-ЛанкаSri Lanka
0%
СуданSudan
0%
СуринамSuriname
0%
ШвейцарияSwitzerland
0%
СирияSyria
0%
ТанзанияTanzania
0%
ТаиландThailand
0%
ИдтиTogo
0%
ТонгаTonga
0%
ТунисTunisia
0%
ТурцияTurkey
0%
ТувалуTuvalu
0%
УгандаUganda
0%
объединенное КоролевствоUnited Kingdom
0%
УзбекистанUzbekistan
0%
ВануатуVanuatu
0%
ВенесуэлаVenezuela
0%
ВьетнамVietnam
0%
ЙеменYemen
0%
ЗамбияZambia
0%
ЗимбабвеZimbabwe
0%

Score Distribution

Percentile by Number Answered

Percent of People with Each Score

Your Score History

You have not taken this quiz